NBA MVP runner ups - Statistics

General Stats
  • This quiz has been taken 1,603 times
  • The average score is 18 of 27
Answer Stats
MVP Runner Up % Correct
2014 - Kevin "The Snake" Durant LeBron James
98%
2006 - Steve Nash LeBron James
98%
2017 - Russell Westbrook James Harden
93%
2015 - Stephen Curry James Harden
93%
2009 - LeBron James Kobe Bryant
91%
2013 - LeBron James Kevin "The Snake" Durant
87%
2012 - LeBron James Kevin "The Snake" Durant
87%
2010 - LeBron James Kevin "The Snake" Durant
87%
1997 - Karl Malone Michael Jordan
82%
2004 - Kevin Garnett Tim Duncan
78%
2001 - Allen Iverson Tim Duncan
78%
1998 - Michael Jordan Karl Malone
77%
2007 - Dirk Nowitzki Steve Nash
72%
2003 - Tim Duncan Kevin Garnett
70%
2000 - Shaquille O'neil Kevin Garnett
70%
2016 - Stephen Curry Russell Westbrook
67%
1996 - Michael Jordan David Robinson
66%
1994 - Hakeem Olajuwon David Robinson
66%
1993 - Charles Barkley Hakeem Olajuwon
59%
1991 - Michael Jordan Magic Johnson
51%
2005 - Steve Nash Shaquille O'neil
48%
1995 - David Robinson Shaquille O'neil
48%
2011 - TORN ACL ( Derick Rose) Dwight Howard
43%
2008 - Kobe Bryant Chris Paul
40%
2002 - Tim Duncan Jason Kidd
40%
1992 - Michael Jordan Clyde Drexler
37%
1999 - Karl Malone Alonzo Mourning
17%
No matching quizzes found
Score Distribution
Percent of People with Each Score
Percentile by Number Answered
Your Score History
You have not taken this quiz